Normal view
MARC view
- بني مفرج، رويدا محمد عبد القادر.
Entry Personal Name
001 - CONTROL NUMBER
- control field: 65235
003 - CONTROL NUMBER IDENTIFIER
- control field: JO-AjAnu
005 - DATE AND TIME OF LATEST TRANSACTION
- control field: 20240402095727.0
008 - FIXED-LENGTH DATA ELEMENTS
- fixed length control field: 240402|| aca||aabn | a|a d
040 ## - CATALOGING SOURCE
- Original cataloging agency: JO-AjAnu
100 ## - HEADING--PERSONAL NAME
- Personal name: بني مفرج، رويدا محمد عبد القادر.
- Relator term: معد